Statistics for Most Populous Second Cities in the U.S.

Click here to take the quiz!

General Stats

  • This quiz has been taken 27,158 times
    (9,278 since last reset)
  • The average score is 13 of 24

Answer Stats

PopulationCity% Correct
1,423,851San Diego
93%
467,963Miami
86%
1,547,253San Antonio
84%
255,284Buffalo
76%
381,009Cleveland
75%
300,286Pittsburgh
73%
651,073Memphis
69%
548,073Tucson
65%
220,236Baton Rouge
64%
474,069Raleigh
64%
308,096Saint Paul
63%
300,576Saint Louis
62%
478,221Colorado Springs
59%
401,190Tulsa
55%
259,680Madison
51%
222,081Spokane
46%
289,102Lincoln
42%
201,013Grand Rapids
40%
323,152Lexington
36%
270,402Fort Wayne
30%
262,075Jersey City
30%
320,189Henderson
22%
200,574Huntsville
14%
244,835Chesapeake
12%

Score Distribution

Percentile by Number Answered

Percent of People with Each Score

Your Score History

You have not taken this quiz since the last reset